<?xml version="1.0" encoding="UTF-8"?>
<collection xmlns="http://www.loc.gov/MARC21/slim">
 <record>
  <leader>00487pamaa2200157   4500</leader>
  <controlfield tag="001">0000017281</controlfield>
  <controlfield tag="005">20060523090000.0</controlfield>
  <datafield tag="020" ind1="0" ind2="0">
   <subfield code="a">0704326388 </subfield>
  </datafield>
  <datafield tag="082" ind1=" " ind2=" ">
   <subfield code="a">944.081 RIC 1987</subfield>
  </datafield>
  <datafield tag="090" ind1="0" ind2="0">
   <subfield code="a">CT1018 </subfield>
   <subfield code="b">RIC 1987</subfield>
  </datafield>
  <datafield tag="100" ind1="1" ind2="0">
   <subfield code="a">RICHARDSON </subfield>
  </datafield>
  <datafield tag="245" ind1="1" ind2="0">
   <subfield code="a">Portrait of a Bonaparte : </subfield>
   <subfield code="b">the life and times of Joseph-Napoleon Primoli 1851-1927  </subfield>
   <subfield code="c">Joanna Richardson.</subfield>
  </datafield>
  <datafield tag="260" ind1="0" ind2="0">
   <subfield code="a">London: </subfield>
   <subfield code="b">Quartet Books, </subfield>
   <subfield code="c">1987.</subfield>
  </datafield>
  <datafield tag="300" ind1=" " ind2=" ">
   <subfield code="a">xi, 347p.: </subfield>
   <subfield code="b">25cm.</subfield>
  </datafield>
  <datafield tag="600" ind1="1" ind2="0">
   <subfield code="a">Primoli, Joseph-Napoleon</subfield>
  </datafield>
  <datafield tag="651" ind1="0" ind2="0">
   <subfield code="a">France -- </subfield>
   <subfield code="x">Biography </subfield>
  </datafield>
 </record>
</collection>
